Bazovaja kul'tura ličnosti i kul'turologičeskaja kompetencija rusista

Bibliographic Details
Main Authors: Berdičevskij, Anatolij (Author), Kollárová, Eva, 1939-2025 (Author)
Format: Article
Language:Russian
ISBN:8080680469
Subjects:

MARC

LEADER 00000nab a2200000 ar4500
001 vtls010558480
003 SK-MaSNL
005 20260429044726.0
008 131114c2001 xo |r| |||| 100 c|rus
015 |a SNBRA2013/11 
038 |a SVKPOCL 
040 |a SVKPO  |b slo  |c SVKPO  |e AACR2 
041 |a rus  |b eng 
044 |a xo  |c SK 
080 |a 811.161.1  |2 2001 
080 |a 37.0  |2 2001 
080 |a 130.2  |2 2001 
080 |a (048.8)  |2 2001 
100 1 |a Berdičevskij, Anatolij  |4 aut  |9 498655 
245 1 0 |a Bazovaja kul'tura ličnosti i kul'turologičeskaja kompetencija rusista  |c Anatolij Berdičevskij, Eva Kollarova 
504 |a Lit. 
546 |a Resumé angl. 
610 2 7 |a Prešovská univerzita v Prešove.  |b Filozofická fakulta  |2 svkpocl  |9 179573 
611 2 7 |a O jazykových, literárnych a kulturologických kontaktoch Európy a sveta  |g konferencia  |d (2000 :  |c Prešov, Slovensko)  |2 svkpocl  |9 1240434 
648 7 |a 27.-28.9.2000  |2 svkpocl  |9 1240435 
650 0 7 |a konferencie  |2 svkpocl  |9 19221 
650 0 7 |a vzdelávanie  |2 svkpocl  |9 4033 
650 0 7 |a ruština  |2 svkpocl  |9 1346 
650 0 7 |a kulturológia  |2 svkpocl  |9 17760 
655 7 |a štúdie  |2 svkpocl  |9 57033 
700 1 |a Kollárová, Eva,  |d 1939-2025  |4 aut  |9 243891 
773 0 |a Antoňák, Andrej, 1941-  |t O jazykových literárnych a kulturologických kontaktoch Európy a sveta  |g konferencia  |d Prešov : Prešovská univerzita, 2001  |g S. 415-421  |z 8080680469 
852 |a SVKPO  |b KIS3GCP 
958 |a NB 
999 |c 2529291  |d 2531221